| 000 | 00753nam a2200193 i 4500 | ||
|---|---|---|---|
| 001 | 32863 | ||
| 003 | ES-MaACL | ||
| 005 | 20230906154641.0 | ||
| 007 | t| | ||
| 008 | 030131s1856 sp ||||1| spa d | ||
| 080 | _a94(460)"1474/1516" | ||
| 100 | 1 |
_aBernáldez, Andrés. _928208 |
|
| 245 | 1 | 0 |
_aHistoria de los Reyes Católicos D. Fernando y Dª Isabel _b: crónica inédita del siglo XV / _cescrita por el bachiller Andrés Bernáldez ; [prólogo de Manuel Lafuente y Alcántara]. |
| 260 |
_aGranada : _b[s.n.], _c1856 ( _fImp. y Librería de José María Zamora) |
||
| 300 |
_a2 v. ; _c21 cm. |
||
| 651 |
_aEspaña- _xHistoria- _y1474-1516, Reyes Católicos. _98222 |
||
| 700 | 1 |
_aLafuente y Alcántara, Manuel. _969546 |
|
| 852 |
_aES-MaACL _jC-375-76 |
||
| 999 |
_c32863 _d32863 |
||